000
00358nam a2200169Ia 4500
100
_a
Allana/Sonal Aneel
650
_a
ASP.NET
942
_c
BK
366
_f
25
654
_a
jQuery
245
_a
ASP.NET jQuery cook book
260
_b
Packt Publications
_c
2011
082
_a
5.1
_b
ALL
300
_a
291
546
_a
ENGLISH
_c
electronics
999
_c
20913
_d
20913